000 00960nam a22003017a 4500
001 BR0202481
003 BR-BrBNA
005 20230928101057.0
007 ta
008 230509b bl.||||| |||| 00| 0 por d
040 _aBR-BrBNA
_bpor
_cBiblioteca Nacional de Agricultura
041 _a(Por)
072 _aL73
_b5400
_b4140
090 _ 5400 BR0202481
100 1 _aBicalho, K.A.
110 1 _aUniversidade Federal de Viçosa, Belo Horizonte (Brasil). Escola de Veterinária
_0Tese (Mestre em Medicina Veterinária)
_911003
245 1 _aUso da citometria de fluxo para detecção de Babesia canis
260 3 _aBelo Horizonte, MG (Brasil):
_c2001.
300 _a78 p.
500 _aSummaries (Eng, Por); Bibliography p. 73-77; 8 tables; 18 illus.
650 _aCÃO
650 _aBABESIOSE
650 _aDIAGNÓSTICO
650 _aPARASITO DE ANIMAL
650 _aIMUNOFLUORESCÊNCIA
909 _a202309
_bLucia
_c55
_dLucia Elande
942 _cBK
999 _c64146
_d64146